Východní a západní Evropa bojuje o pracovní místa a platy
Európska únia má v pláne zabrániť spoločnostiam príjmať lacnú pracovnú silu na krátkodobé kontrakty v západnej Európe. Spor sa stupňuje, riešenie je v nedohľadne. Pohľad na mzdy v Európskej únii.
Saved in:
| Format: | Book Chapter |
|---|---|
| Language: | Czech |
| Subjects: | |
| Tags: |
No Tags, Be the first to tag this record!
|
MARC
| LEADER | 00000naa a2200000 4500 | ||
|---|---|---|---|
| 001 | 0240856 | ||
| 005 | 20180305094908.8 | ||
| 041 | 0 | |a cze | |
| 044 | |a CZ | ||
| 245 | 1 | 0 | |a Východní a západní Evropa bojuje o pracovní místa a platy |
| 520 | |a Európska únia má v pláne zabrániť spoločnostiam príjmať lacnú pracovnú silu na krátkodobé kontrakty v západnej Európe. Spor sa stupňuje, riešenie je v nedohľadne. Pohľad na mzdy v Európskej únii. | ||
| 610 | 2 | 0 | |a trh práce |
| 610 | 2 | 0 | |a Európska únia |
| 610 | 2 | 0 | |a stredná Európa |
| 610 | 2 | 0 | |a východná Európa |
| 610 | 2 | 0 | |a diferenciácia mzdová |